000 00467nam a2200193Ia 4500
008 210210b2010 xxu||||| |||| 00| 0 eng d
020 _a8121908833
041 _aeng
082 _a658.8 PILM
100 _aPILLAI (R S N)
245 _aMarketing management
260 _aNew Delhi
_bS. Chand & Co. Ltd.
_c2010
300 _axii-545
650 _aMarketing
650 _amanagement
690 _aMarketing Management
700 _aBAGAVATHI
906 _a065770
999 _c146491
_d146491